00708nam a2200145 a 4500008004100000050001700041110004700058245010700105260006300212300001500275362018300290500001600473650003200489650004100521131211s2013 ||||||||||||||||| || u aGOV.ZAM(058) aGovernment of the Republic of Zambia (GRZ)10aMillennium development goals (MDGs): provincial profilecby Government of the Republic of Zambia [GRZ] aLusaka: bGovernment of the Republic of Zambia (GRZ)c2013 a32p.: ill.1 a

2013: Central Province, Copperbelt Province, Eastern Province, Luapula Province, Lusaka Province, Muchinga Province, Northern Province, Western Province, Southern Province

 aBiblography 0aAFRICA--ECONOMIC CONDITIONS aMILLENNIUM DEVELOPMENT GOALS--ZAMBIA